[Event "Miquel Mas op-A 18th"]
[Site "Castell de Sant Ferran"]
[Date "2017.08.12"]
[Round "4"]
[White "Cuadras Avellana, Jordi"]
[Black "Renteria Becerra, Jorge Elicer"]
[Result "1/2-1/2"]
[WhiteElo "2282"]
[BlackElo "2332"]
[PlyCount "168"]
[EventDate "2017.08.10"]
[EventType "swiss"]
[EventRounds "9"]
[EventCountry "ESP"]
[SourceTitle "CBM 180 Extra"]
[Source "ChessBase"]
[SourceDate "2017.10.06"]
[SourceVersion "1"]
[SourceVersionDate "2017.10.06"]
[SourceQuality "1"]

1. e4 c5 2. Nf3 d6 3. d4 cxd4 4. Nxd4 Nf6 5. Nc3 a6 6. Be2 e5 7. Nb3 Be7 8. 0-0 0-0 9. Kh1 b5 10. a4 Bb7 11. Bf3 b4 12. Nd5 Nxd5 13. exd5 a5 14. c4 Ba6 15. Be2 Qc7 16. Be3 Nd7 17. Rc1 Nc5 18. Nxc5 dxc5 19. b3 Bd6 20. f3 Bc8 21. Qd2 Bf5 22. Bg1 Bg6 23. Rce1 f5 24. Bd3 Be8 25. Re2 Bd7 26. h3 Rf6 27. Bh2 f4 28. Qc2 Kf7 29. Rfe1 h6 30. Qb2 Re8 31. Rd1 g5 32. Qd2 Ke7 33. Qe1 Kd8 34. Rf2 Kc8 35. Qe4 Rh8 36. Qe1 h5 37. Re2 Rf7 38. Bc2 g4 39. Qh4 g3 40. Bg1 Rff8 41. Qg5 h4 42. Rde1 Kb7 43. Rxe5 Bxe5 44. Rxe5 Qd6 45. Re6 Bxe6 46. dxe6 Kb6 47. Be4 Rb8 48. Bd5 Rhe8 49. Qxh4 Re7 50. Qf6 Rbe8 51. Qf5 Ka6 52. Be4 Rxe6 53. Bxc5 Qe5 54. Qf7 R8e7 55. Qf8 Re8 56. Qf7 R6e7 57. Qg6+ Qe6 58. Qg5 Qe5 59. Qg6+ Re6 60. Qf7 R8e7 61. Qf8 Qxc5 62. Qa8+ Ra7 63. Qb8 Rxe4 64. fxe4 Qc6 65. Qxf4 Rd7 66. Qxg3 Rd1+ 67. Kh2 Qd6 68. e5 Qb6 69. Qf3 Qg1+ 70. Kg3 Qe1+ 71. Kg4 Rd4+ 72. Kf5 Qb1+ 73. Kf6 Qe4 74. Qxe4 Rxe4 75. e6 Kb6 76. h4 Kc7 77. h5 Rh4 78. Kg6 Rg4+ 79. Kf7 Rxg2 80. h6 Rf2+ 81. Kg7 Kd6 82. h7 Rg2+ 83. Kf7 Rh2 84. c5+ Ke5 1/2-1/2

[Event "Miquel Mas op-A 18th"]
[Site "Castell de Sant Ferran"]
[Date "2017.08.10"]
[Round "1"]
[White "Sanchez Arevalo, Luis Ortiz"]
[Black "Cuadras Avellana, Jordi"]
[Result "0-1"]
[WhiteElo "1990"]
[BlackElo "2282"]
[PlyCount "76"]
[EventDate "2017.08.10"]
[EventType "swiss"]
[EventRounds "9"]
[EventCountry "ESP"]
[SourceTitle "CBM 180 Extra"]
[Source "ChessBase"]
[SourceDate "2017.10.06"]
[SourceVersion "1"]
[SourceVersionDate "2017.10.06"]
[SourceQuality "1"]

1. Nf3 Nf6 2. e3 g6 3. d4 Bg7 4. c4 0-0 5. Be2 c5 6. d5 d6 7. Nc3 a6 8. a4 e6 9. 0-0 exd5 10. cxd5 Re8 11. Nd2 Nbd7 12. Nc4 Nb6 13. Na3 Ne4 14. Nxe4 Rxe4 15. a5 Nd7 16. Nc4 Qc7 17. Ra4 Re8 18. Bd2 Rb8 19. Bc3 Nf6 20. Nb6 Nd7 21. Nc4 Ne5 22. Nb6 f5 23. h3 Bd7 24. Nxd7 Nxd7 25. Bxg7 Kxg7 26. g4 fxg4 27. Bxg4 Nf8 28. Qd3 Qe7 29. Kh1 Qe5 30. b3 Re7 31. Rf4 Rbe8 32. Rg1 Rf7 33. Rxf7+ Kxf7 34. Bf3 Kg7 35. Rc1 Qf6 36. Bg4 Qxf2 37. e4 Qf4 38. Bf3 Qxc1+ 0-1

[Event "Catalunya-chT GpB final"]
[Site "Barcelona"]
[Date "2017.03.18"]
[Round "2.2"]
[White "Cuadras Avellana, Jordi"]
[Black "Fluvia Poyatos, Jordi"]
[Result "1/2-1/2"]
[WhiteElo "2288"]
[BlackElo "2443"]
[PlyCount "30"]
[EventDate "2017.03.11"]
[EventType "team-tourn"]
[EventRounds "11"]
[EventCountry "ESP"]
[SourceTitle "CBM 177 Extra"]
[Source "ChessBase"]
[SourceDate "2017.04.27"]
[SourceVersion "1"]
[SourceVersionDate "2017.04.27"]
[SourceQuality "1"]
[WhiteTeam "Figueres"]
[BlackTeam "Sant Josep de Badalona"]
[WhiteTeamCountry "ESP"]
[BlackTeamCountry "ESP"]

1. c4 Nf6 2. Nc3 e5 3. Nf3 d6 4. d4 Nbd7 5. e4 Be7 6. Be2 0-0 7. 0-0 c6 8. d5 Nc5 9. Qc2 a5 10. Be3 Na6 11. a3 Ng4 12. Bd2 f5 13. h3 Nh6 14. Rab1 f4 15. dxc6 bxc6 1/2-1/2

[Event "Catalunya-chT Gp1"]
[Site "Barcelona"]
[Date "2017.02.25"]
[Round "6.2"]
[White "Arenas Vanegas, David"]
[Black "Cuadras Avellana, Jordi"]
[Result "1-0"]
[WhiteElo "2474"]
[BlackElo "2300"]
[PlyCount "103"]
[EventDate "2017.01.21"]
[EventType "team-tourn"]
[EventRounds "7"]
[EventCountry "ESP"]
[SourceTitle "EXT 2018"]
[Source "ChessBase"]
[SourceDate "2017.10.13"]
[SourceVersion "1"]
[SourceVersionDate "2017.10.13"]
[SourceQuality "1"]
[WhiteTeam "Mollet"]
[BlackTeam "Figueres"]
[WhiteTeamCountry "ESP"]
[BlackTeamCountry "ESP"]

1. e4 c5 2. Nf3 e6 3. c3 Nc6 4. d4 d5 5. exd5 exd5 6. Bb5 Bd6 7. 0-0 Nge7 8. dxc5 Bxc5 9. Nbd2 0-0 10. Nb3 Bb6 11. Re1 Bg4 12. Be2 Qd6 13. Nfd4 Bxe2 14. Rxe2 Bxd4 15. Nxd4 Nxd4 16. Qxd4 Nc6 17. Qf4 Qxf4 18. Bxf4 d4 19. cxd4 Nxd4 20. Rd2 Ne6 21. Be3 f5 22. g3 b6 23. Rd6 Rae8 24. a4 f4 25. gxf4 Rf5 26. a5 bxa5 27. Ra6 Nxf4 28. R6xa5 Nd5 29. Bxa7 Re2 30. Rd1 Ne7 31. Rxf5 Nxf5 32. b4 Rb2 33. Bc5 Kf7 34. Kg2 Rb3 35. Kf1 Rb2 36. Ke1 Ke6 37. Rd2 Rb1+ 38. Ke2 Rh1 39. b5 Rb1 40. b6 Rb5 41. Rc2 Kd5 42. Kf1 g5 43. f3 h5 44. Bf2 Rb1+ 45. Kg2 g4 46. fxg4 hxg4 47. Rc5+ Ke6 48. Rc4 Rb2 49. Kf1 g3 50. hxg3 Nxg3+ 51. Bxg3 Rxb6 52. Kg2 1-0

[Event "Catalunya-chT Gp1"]
[Site "Barcelona"]
[Date "2017.02.11"]
[Round "4.3"]
[White "Cuadras Avellana, Jordi"]
[Black "Ballester Llagaria, Luis Eduardo"]
[Result "1/2-1/2"]
[WhiteElo "2300"]
[BlackElo "2292"]
[PlyCount "52"]
[EventDate "2017.01.21"]
[EventType "team-tourn"]
[EventRounds "7"]
[EventCountry "ESP"]
[SourceTitle "CBM 176 Extra"]
[Source "ChessBase"]
[SourceDate "2017.03.02"]
[SourceVersion "1"]
[SourceVersionDate "2017.03.02"]
[SourceQuality "1"]
[WhiteTeam "Figueres"]
[BlackTeam "Tres Peons"]
[WhiteTeamCountry "ESP"]
[BlackTeamCountry "ESP"]

1. c4 b6 2. d4 Bb7 3. Nc3 e6 4. a3 Nf6 5. Bg5 Be7 6. e3 0-0 7. Nf3 Ne4 8. Nxe4 Bxe4 9. Bxe7 Qxe7 10. Bd3 Bb7 11. 0-0 d6 12. Qc2 h6 13. Bh7+ Kh8 14. Be4 c6 15. Nd2 Nd7 16. a4 a5 17. Ra3 f5 18. Bf3 e5 19. Rb3 Qf6 20. Rd1 Rae8 21. c5 e4 22. Bh5 g6 23. Be2 d5 24. Nf1 Rc8 25. Qd2 h5 26. h3 Kh7 1/2-1/2

[Event "Catalunya-chT Gp1"]
[Site "Barcelona"]
[Date "2017.01.28"]
[Round "2.2"]
[White "Vehi Bach, Victor Manuel"]
[Black "Cuadras Avellana, Jordi"]
[Result "1/2-1/2"]
[WhiteElo "2317"]
[BlackElo "2300"]
[PlyCount "38"]
[EventDate "2017.01.21"]
[EventType "team-tourn"]
[EventRounds "7"]
[EventCountry "ESP"]
[SourceTitle "CBM 176 Extra"]
[Source "ChessBase"]
[SourceDate "2017.03.02"]
[SourceVersion "1"]
[SourceVersionDate "2017.03.02"]
[SourceQuality "1"]
[WhiteTeam "Montcada"]
[BlackTeam "Figueres"]
[WhiteTeamCountry "ESP"]
[BlackTeamCountry "ESP"]

1. e4 c5 2. Nf3 e6 3. d4 cxd4 4. Nxd4 Nc6 5. Nc3 Qc7 6. Be3 a6 7. Qd2 Nf6 8. 0-0-0 Bb4 9. f3 Na5 10. Bf2 b5 11. Bg3 Qb6 12. Qg5 Rg8 13. Nb3 h6 14. Qd2 Bb7 15. Bd6 Nxb3+ 16. axb3 Bxd6 17. Qxd6 Qxd6 18. Rxd6 Ke7 19. Rd2 d5 1/2-1/2

[Event "Miquel Mas op 17th"]
[Site "Castell de Sant Ferran"]
[Date "2016.08.11"]
[Round "1"]
[White "Cuadras Avellana, Jordi"]
[Black "Lopez Guaita, Fernando"]
[Result "1-0"]
[WhiteElo "2303"]
[BlackElo "1934"]
[PlyCount "83"]
[EventDate "2016.08.11"]
[EventType "swiss"]
[EventRounds "9"]
[EventCountry "ESP"]
[SourceTitle "CBM 173 Extra"]
[Source "ChessBase"]
[SourceDate "2016.08.29"]
[SourceVersion "1"]
[SourceVersionDate "2016.08.29"]
[SourceQuality "1"]

1. e4 c6 2. d4 d5 3. exd5 cxd5 4. c4 Nf6 5. Nc3 e6 6. Nf3 Nc6 7. c5 Be7 8. Bb5 Bd7 9. 0-0 0-0 10. Re1 b6 11. Bxc6 Bxc6 12. Ne5 Rc8 13. Nxc6 Rxc6 14. b4 bxc5 15. bxc5 Ne4 16. Qa4 Qd7 17. Nxe4 dxe4 18. Rxe4 Bf6 19. Bf4 Qb7 20. Rae1 Ra6 21. Qb3 Qd5 22. Qxd5 exd5 23. Re8 g5 24. Rxf8+ Kxf8 25. Be5 Re6 26. Kf1 Be7 27. Rc1 Ke8 28. Rc3 Kd7 29. f3 Ra6 30. a3 Re6 31. g4 Bd8 32. Rb3 Kc6 33. Rb8 Be7 34. Ra8 Kb7 35. Re8 Kc6 36. a4 Kd7 37. Rb8 Ra6 38. Rb7+ Ke6 39. c6 Rxa4 40. c7 Rc4 41. Rxa7 Bb4 42. Ra8 1-0

[Event "Catalunya-chT Gp1"]
[Site "Barcelona"]
[Date "2016.02.20"]
[Round "5.3"]
[White "Cuadras Avellana, Jordi"]
[Black "Grafl, Florian"]
[Result "0-1"]
[WhiteElo "2310"]
[BlackElo "2398"]
[PlyCount "78"]
[EventDate "2016.01.23"]
[EventType "team-tourn"]
[EventRounds "7"]
[EventCountry "ESP"]
[SourceTitle "EXT 2017"]
[Source "ChessBase"]
[SourceDate "2016.10.25"]
[SourceVersion "1"]
[SourceVersionDate "2016.10.25"]
[SourceQuality "1"]
[WhiteTeam "Figueres"]
[BlackTeam "Barcelona Escola Escacs"]
[WhiteTeamCountry "ESP"]
[BlackTeamCountry "ESP"]

1. c4 f5 2. Nf3 Nf6 3. g3 g6 4. Bg2 Bg7 5. Nc3 0-0 6. d4 d6 7. 0-0 Qe8 8. d5 Na6 9. Rb1 c5 10. a3 Nh5 11. Ng5 Nc7 12. Bd2 h6 13. Ne6 Nxe6 14. dxe6 Bxe6 15. Nd5 Rc8 16. e4 Qd7 17. Re1 Rce8 18. b4 Bxd5 19. exd5 Kh7 20. bxc5 dxc5 21. Re6 Bd4 22. Qb3 Ng7 23. Qxb7 Qxb7 24. Rxb7 Nxe6 25. dxe6 Kg7 26. Rxa7 Rb8 27. Bb7 g5 28. a4 Kf6 29. a5 Rfd8 30. Be1 Be5 31. Kf1 Rd1 32. Ke2 Rc1 33. Bd2 Rxc4 34. Be3 Rd8 35. Bc6 Rc2+ 36. Kf3 Rd3 37. a6 g4+ 38. Kg2 Rxe3 39. Ra8 Rf3 0-1

[Event "Catalunya-chT Gp1"]
[Site "Barcelona"]
[Date "2016.02.13"]
[Round "4.2"]
[White "Herreros Fernandez, Miguel"]
[Black "Cuadras Avellana, Jordi"]
[Result "1/2-1/2"]
[WhiteElo "2163"]
[BlackElo "2310"]
[PlyCount "45"]
[EventDate "2016.01.23"]
[EventType "team-tourn"]
[EventRounds "7"]
[EventCountry "ESP"]
[SourceTitle "EXT 2017"]
[Source "ChessBase"]
[SourceDate "2016.10.25"]
[SourceVersion "1"]
[SourceVersionDate "2016.10.25"]
[SourceQuality "1"]
[WhiteTeam "Catalunya"]
[BlackTeam "Figueres"]
[WhiteTeamCountry "ESP"]
[BlackTeamCountry "ESP"]

1. Nf3 Nf6 2. g3 d5 3. Bg2 c6 4. d3 Bg4 5. Nbd2 Nbd7 6. h3 Bxf3 7. Bxf3 e5 8. 0-0 Bc5 9. c4 dxc4 10. Nxc4 0-0 11. b4 Bd4 12. Rb1 a6 13. a4 Qc7 14. e3 Ba7 15. Ba3 Rfd8 16. Qc2 Rac8 17. Rfc1 Nb6 18. Nxb6 Bxb6 19. b5 axb5 20. axb5 c5 21. Rb3 Qd7 22. Kg2 Rc7 23. Qc4 1/2-1/2

[Event "Catalunya-chT Gp1"]
[Site "Barcelona"]
[Date "2015.03.07"]
[Round "7.3"]
[White "Cuadras Avellana, Jordi"]
[Black "Vidarte Morales, Arturo"]
[Result "1/2-1/2"]
[WhiteElo "2308"]
[BlackElo "2320"]
[PlyCount "74"]
[EventDate "2015.01.24"]
[EventType "team-tourn"]
[EventRounds "7"]
[EventCountry "ESP"]
[SourceTitle "EXT 2016"]
[Source "ChessBase"]
[SourceDate "2015.10.08"]
[SourceVersion "1"]
[SourceVersionDate "2015.10.08"]
[SourceQuality "1"]
[WhiteTeam "Figueres"]
[BlackTeam "Montcada"]
[WhiteTeamCountry "ESP"]
[BlackTeamCountry "ESP"]

1. e4 c5 2. Nf3 g6 3. d4 cxd4 4. Nxd4 Bg7 5. Nc3 Nc6 6. Be3 Nf6 7. Bc4 0-0 8. Bb3 d6 9. h3 Bd7 10. 0-0 Rc8 11. Re1 Ne5 12. Qe2 Rxc3 13. bxc3 Nxe4 14. f3 Nxc3 15. Qd2 Nb5 16. Nxb5 Bxb5 17. Bh6 a5 18. Bxg7 Kxg7 19. a4 Bc6 20. Qd4 Kg8 21. Re3 Bd7 22. Rd1 Nc6 23. Qh4 Qb6 24. Qf2 Qc7 25. Qd2 Rd8 26. Re4 e5 27. Qh6 Be6 28. Rh4 Bxb3 29. Qxh7+ Kf8 30. cxb3 Qb6+ 31. Kh2 Qxb3 32. Qh6+ Ke7 33. Qd2 Qe6 34. Rb1 Nb4 35. Rc1 Nc6 36. Rb1 Nb4 37. Rc1 Nc6 1/2-1/2

[Event "Catalunya-chT Gp1"]
[Site "Barcelona"]
[Date "2015.02.14"]
[Round "4.1"]
[White "Panelo Munoz, Marcelo A"]
[Black "Cuadras Avellana, Jordi"]
[Result "1-0"]
[WhiteElo "2327"]
[BlackElo "2308"]
[PlyCount "83"]
[EventDate "2015.01.24"]
[EventType "team-tourn"]
[EventRounds "7"]
[EventCountry "ESP"]
[SourceTitle "CBM 164 Extra"]
[Source "ChessBase"]
[SourceDate "2015.03.02"]
[SourceVersion "1"]
[SourceVersionDate "2015.03.02"]
[SourceQuality "1"]
[WhiteTeam "Sant Josep de Badalona"]
[BlackTeam "Figueres"]
[WhiteTeamCountry "ESP"]
[BlackTeamCountry "ESP"]

1. d4 Nf6 2. c4 e6 3. Nf3 Bb4+ 4. Bd2 c5 5. Bxb4 cxb4 6. g3 0-0 7. Bg2 d6 8. 0-0 a5 9. Qd3 Qc7 10. Nbd2 Na6 11. Ne1 e5 12. Nc2 Re8 13. a3 Bd7 14. axb4 axb4 15. Ne3 Bc6 16. Rfd1 Bxg2 17. Kxg2 Qb6 18. Ne4 Nxe4 19. Qxe4 Rac8 20. Qg4 Rcd8 21. Kg1 Nc7 22. Rd2 e4 23. Rc1 d5 24. cxd5 Nxd5 25. Nxd5 Rxd5 26. Rc8 Rxc8 27. Qxc8+ Rd8 28. Qc4 e3 29. fxe3 h5 30. Rd3 h4 31. d5 hxg3 32. hxg3 Qg6 33. Kg2 Qh5 34. Rd2 g5 35. g4 Qg6 36. Qd3 Qb6 37. d6 Qc6+ 38. e4 f6 39. d7 Kg7 40. Qd5 Qc1 41. e5 Rh8 42. exf6+ 1-0